000170248 001__ 170248
000170248 005__ 20260410165450.0
000170248 0248_ $$2sideral$$a96965
000170248 037__ $$aART-2017-96965
000170248 041__ $$aspa
000170248 100__ $$0(orcid)0000-0002-1275-9976$$aBeltrán Pellicer, Pablo$$uUniversidad de Zaragoza
000170248 245__ $$aModelado e impresión 3D como recurso didáctico en el aprendizaje de la probabilidad
000170248 260__ $$c2017
000170248 5203_ $$aDescribimos una experiencia piloto en primer ciclo de secundaria sobre la enseñanza-aprendizaje de nociones probabilísticas, en la que los alumnos diseñan dados, los imprimen en 3D y posteriormente analizan si son sesgados. La experiencia se enmarca dentro del significado frecuentista de la probabilidad, facilitando su puesta en relación con el significado clásico o a priori.
000170248 540__ $$9info:eu-repo/semantics/closedAccess$$aAll rights reserved$$uhttp://www.europeana.eu/rights/rr-f/
000170248 655_4 $$ainfo:eu-repo/semantics/article$$vinfo:eu-repo/semantics/publishedVersion
000170248 7102_ $$12006$$2200$$aUniversidad de Zaragoza$$bDpto. Matemáticas$$cÁrea Didáctica Matemática
000170248 773__ $$g34, 95 (2017), 99-106$$pEpsilon$$tEpsilon$$x1131-9321
000170248 8564_ $$s1288857$$uhttps://zaguan.unizar.es/record/170248/files/texto_completo.pdf$$yVersión publicada
000170248 8564_ $$s1466067$$uhttps://zaguan.unizar.es/record/170248/files/texto_completo.jpg?subformat=icon$$xicon$$yVersión publicada
000170248 909CO $$ooai:zaguan.unizar.es:170248$$particulos$$pdriver
000170248 951__ $$a2026-04-10-13:45:07
000170248 980__ $$aARTICLE